| Поле | Инд. | ПП | Название | Значение |
|---|---|---|---|---|
| Тип записи | a | |||
| Библиографический уровень | m | |||
| 001 | Контрольный номер | f87a1f1a-b6e6-497a-875c-4ce9e8fc6e13 | ||
| 005 | Дата корректировки | 20140226150948.7 | ||
| 008 | Кодируемые данные | 010511 d | ||
| 020 | a | ISBN | 5-255-00401-4 | |
| c | Цена, тираж | 3.50 | ||
| 040 | a | Служба первич. каталог. | RU-RKP | |
| 040 | a | Служба первич. каталог. | НБ ТвГУ | |
| 041 | a | Код языка текста | rus | |
| 080 | a | Индекс УДК | 391-055.2 | |
| a | Индекс УДК | 613.4 | ||
| 084 | a | Индекс другой классификации/Индекс ББК | Р120.4 | |
| a | Индекс другой классификации/Индекс ББК | М79 | ||
| a | Индекс другой классификации/Индекс ББК | Р714 | ||
| 090 | x | Авторский знак | А89 | |
| a | Полочн. индекс | Р120.4 | ||
| 100 | 1_ | a | Автор | Аршавская Нелли Моисеевна |
| 245 | 00 | a | Заглавие | Мода, вкус, красота |
| c | Ответственность | Н.М. Аршавская, Л.С. Щербакова | ||
| 260 | 0_ | a | Место издания | Москва |
| b | Издательство | Профиздат | ||
| c | Дата издания | 1991 | ||
| 300 | a | Объем | 221,[2] с. | |
| b | Иллюстрации/ тип воспроизводства | ил. | ||
| c | Размеры | 20 см | ||
| 650 | a | Основная рубрика | Женщины | |
| x | Основная подрубрика | Здоровье | ||
| 650 | a | Основная рубрика | Гигиена женщины | |
| 650 | a | Основная рубрика | Мода | |
| 650 | a | Основная рубрика | Косметика декоративная | |
| 650 | a | Основная рубрика | Домоводство | |
| 653 | a | Ключевые слова | Домоводство | |
| a | Ключевые слова | Мода | ||
| a | Ключевые слова | Женщины | ||
| a | Ключевые слова | Гигиена женщины | ||
| a | Ключевые слова | Здоровье женщины | ||
| a | Ключевые слова | Косметика | ||
| a | Ключевые слова | Декоративная косметика | ||
| 700 | 1_ | a | Другие авторы | Щербакова Людмила Савельевна |
| 852 | t | Порядковый номер экземпляра | 2 | |
| p | Инвентарный номер | 624322 | ||
| p | Инвентарный номер | 624323 | ||
| 852 | t | Порядковый номер экземпляра | 3 | |
| p | Инвентарный номер | 624320 | ||
| p | Инвентарный номер | 624321 | ||
| p | Инвентарный номер | 619719 | ||
| 852 | t | Порядковый номер экземпляра | 1 | |
| p | Инвентарный номер | 624325 | ||
| 930 | a | Новая/Ретро | популярная | |
| 954 | a | Дата поступления на обработку | 20000412 | |
| 999 | a | Подразделение 2 | аб. | |
| a | Подразделение 2 | Фил3 | ||
| a | Подразделение 2 | Фил2 |